Central Library OPAC University of Rajshahi

Economic geography : (Record no. 28636)

MARC details
000 -LEADER
fixed length control field 00826nam a2200253 a 4500
001 - CONTROL NUMBER
control field 28636
003 - CONTROL NUMBER IDENTIFIER
rucl marc code BD-RjUL
005 - DATE AND TIME OF LATEST TRANSACTION
control field 20211209051317.0
008 - FIXED-LENGTH DATA ELEMENTS--GENERAL INFORMATION
fixed length control field 161112s1954 nyua 001 0 eng
035 ## - SYSTEM CONTROL NUMBER
System control number (BD-RjUL)28717
040 ## - CATALOGING SOURCE
Original cataloging agency DLC
Transcribing agency OrPS
Modifying agency BD-RjUL
Language of cataloging eng
041 ## - LANGUAGE CODE
Language code of text/sound track or separate title eng
082 ## - DEWEY DECIMAL CLASSIFICATION NUMBER
Edition number 23
Classification number 330.9
Author mark and year COE 1954
100 1# - MAIN ENTRY--PERSONAL NAME
Personal name Colby, Charles C.
Fuller form of name (Charles Carlyle),
Dates associated with a name 1884-1965.
9 (RLIN) 87645
245 10 - TITLE STATEMENT
Title Economic geography :
Remainder of title industries an resources of the commercial world /
Statement of responsibility, etc. Charles C. Colby, Alice Foster
250 ## - EDITION STATEMENT
Edition statement New ed.
260 ## - PUBLICATION, DISTRIBUTION, ETC. (IMPRINT)
Place of publication, distribution, etc. New York :
Name of publisher, distributor, etc. Ginn and Company,
Date of publication, distribution, etc. c1954.
300 ## - PHYSICAL DESCRIPTION
Pagination xviii, 683 p. :
Illustrations ill. ;
Size 23 cm.
500 ## - GENERAL NOTE
General note Includes Index
650 #0 - SUBJECT ADDED ENTRY--TOPICAL TERM
Topical term or geographic name as entry element Economic geography.
9 (RLIN) 7860
Topical term or geographic name as entry element Commercial geography.
9 (RLIN) 18812
700 1# - ADDED ENTRY--PERSONAL NAME
Personal name Foster, Alice,
Dates associated with a name 1872-1962,
Relator term joint author.
942 ## - ADDED ENTRY ELEMENTS (KOHA)
Source of classification or shelving scheme Dewey Decimal Classification
Koha item type Books
Holdings
Lost status Source of classification or shelving scheme Damaged status Not for loan Collection code Permanent Location Current Location Shelving location Date acquired Source of acquisition Cost, normal purchase price Total Checkouts Full call number Date last seen Copy number Koha item type
  Dewey Decimal Classification     Non-fiction Central Library, University of Rajshahi Central Library, University of Rajshahi   21/03/1963 Zeitlinger 38.00   330.9 COE 1954 31/03/2014 C-3 Books
  Dewey Decimal Classification     Non-fiction Central Library, University of Rajshahi Central Library, University of Rajshahi   21/03/1963 Zeitlinger 38.00   330.9 COE 1954 09/11/2016 C-2 Books